Literally - MCU Movies - Statistics

General Stats
  • This quiz has been taken 31 times
  • The average score is 17 of 33
Answer Stats
Hint Answer % Correct
A group of people travel to Eastern Europe because a robot is lifting up part of the Earth Avengers: Age of Ultron
88%
A white girl, a black girl, and an Indian girl become universally linked and fight a hammer lady The Marvels
88%
A bunch of people travel back in time to steal rocks from a rock-stealer Avengers: Endgame
63%
A big dude steals a bunch of rocks and then creates a shiny new glove Avengers: Infinity War
63%
A man takes steroids and then beats up a facially deformed Nazi Captain America: The First Avenger
63%
A guy recruits his long-lost friend, his adopted brother, and a random girl to help him defeat his sister Thor: Ragnarok
63%
A Baskin-Robbins employee steals some technology from an old guy and gets rewarded for it Ant-Man
58%
Five criminals prevent a blue guy from stealing a rock Guardians of the Galaxy
58%
A guy finds out that his father killed his mother, resulting in a planet being destroyed Guardians of the Galaxy Vol. 2
58%
The Big Lebowski hires a bunch of terrorists to kill a man with heart problems Iron Man
58%
An angry man hides in Brazil because the govenrment wants to steal his blood The Incredible Hulk
58%
A god is sent down to Earth because his father stole a cube and a baby from his enemies Thor
58%
A rich criminal and a ghost attempt to steal an entire building from some old people Ant-Man & The Wasp
54%
A 100-year-old man is attacked by an angrier 100-year-old man, destroying a government agency Captain America: The Winter Soldier
54%
A rich guy fights a Russian man while his costume is killing him Iron Man 2
54%
A scary white guy kidnaps a bunch of children, leading to a literal god adopting the scary guy's child Thor: Love and Thunder
54%
An elf gets disillusioned by fairy tales and tries to steal some red dust Thor: The Dark World
54%
A third-world nation gets attacked by the ocean Black Panther: Wakanda Forever
50%
A rich dude recruits a teenager and a black guy to help him kill the 100-year-old man that killed his parents in the 1970s Captain America: Civil War
50%
A man gets into a car crash and then battles ancient evils from other dimensions Doctor Strange
50%
A crazy lady chases a Hispanic woman because the Hispanic woman can give her some children Doctor Strange in the Multiverse of Madness
50%
Ten people struggle with the fact that the god that made them to fight decided to give them all imperfections, for some reason Eternals
50%
Three teenagers steal Sony properties so that they can get into MIT Spider-Man: No Way Home
50%
A girl gets blown up by an airplane engine and then defeats artificial intelligence Captain Marvel
46%
A group of criminals go on a multi-universal voyage to kill an animal abuser Guardians of the Galaxy Vol. 3
46%
A man gets lost in Tennessee and then attacks an actor and a scientist Iron Man 3
46%
A bunch of really small people get enslaved and terrorized by a black guy with a god complex Ant-Man & The Wasp: Quantumania
42%
A teenager infringes on the business practices of a group of construction workers, causing them to attack a boat and an airplane Spider-Man: Homecoming
42%
An actor tries to kill a young teen because he didn't like the teen's father figure Spider-Man: Far from Home
38%
A man murders another man for being angry that his father was murdered Black Panther
29%
A foster family attempts to take down a crime ring Black Widow
29%
Six people beat up a guy's brother for being jealous of his brother's success Marvel's The Avengers
29%
A valet driver and his friend travel to a distant land because the valet driver's father has some cool jewelry Shang-Chi & The Legend of the Ten Rings
29%
No matching quizzes found
Score Distribution
Percent of People with Each Score
Percentile by Number Answered
Your Score History
You have not taken this quiz